| 000 | 00624nam a2200217 a 4500 | ||
|---|---|---|---|
| 001 | 17963 | ||
| 003 | BD-RjUL | ||
| 005 | 20211209000222.0 | ||
| 008 | 140219s1967 enk 000 0 eng d | ||
| 035 | _a(BD-RjUL)18021 | ||
| 040 |
_aBD-RjUL _beng _cBD-RjUL _dBD-RjUL |
||
| 041 | _aeng | ||
| 082 |
_a821.7 _bMAJ 1967 |
||
| 100 | 1 |
_aMayhead, Robin. _955390 |
|
| 245 | 1 | 0 |
_aJohn Keats / _cby Robin Mayhead |
| 260 |
_aCambridge : _bCambridge University Press, _c1967 |
||
| 300 |
_avii, 127 p. : _c21 cm. |
||
| 600 | 1 | 0 |
_aKeats, John, _d1795-1821 _xCriticism and interpretation. _955403 |
| 942 |
_2ddc _cBK |
||
| 999 |
_c17963 _d17963 |
||